| 000 | 00654nam a22002654a 4500 | ||
|---|---|---|---|
| 001 | UByD003367 | ||
| 003 | AR-LpoUNG | ||
| 005 | 20241120095048.0 | ||
| 008 | 241120s2024 ag 000 p spa d | ||
| 020 | _a9789874952844 | ||
| 040 |
_aAR-LpoUNG _bspa _cAR-LpoUNG _eaacr |
||
| 041 | 0 | _aspa | |
| 082 | 0 | _aA861 862lug | |
| 100 | 1 | _aBrito, Lorena | |
| 245 | 1 | 0 |
_aLugares comunes : _bpoesÃa |
| 250 | _a1ra. ed. | ||
| 260 |
_aBuenos Aires : _bRuinas Circulares, _c2024. |
||
| 300 | _a43 p. | ||
| 650 | 4 | _aLITERATURA | |
| 650 | 4 | _aPOESIA | |
| 650 | 4 | _aPOESIA ARGENTINA | |
| 651 | 4 | _aARGENTINA | |
| 653 | 0 | _aAUTORES LOCALES | |
| 942 |
_2ddc _cLIB |
||
| 999 |
_c66043 _d66043 |
||